Libros y documentos en la Iglesia de Castilla y León / (Record no. 179217)
[ view plain ]
| 000 -LEADER | |
|---|---|
| campo de control de longitud fija | 01143nam a2200253 4500 |
| 001 - NÚMERO DE CONTROL | |
| campo de control | 179217 |
| 003 - IDENTIFICADOR DE NÚMERO DE CONTROL | |
| campo de control | ES-MaACL |
| 005 - FECHA Y HORA DE LA ÚLTIMA TRANSACCIÓN | |
| campo de control | 20230917182150.0 |
| 008 - DATOS DE LONGITUD FIJA--INFORMACIÓN GENERAL | |
| campo de control de longitud fija | 111007s1990 sp abfp |||| |dspa d |
| 020 ## - NÚMERO INTERNACIONAL ESTÁNDAR DEL LIBRO | |
| Número Internacional Estándar del Libro | 84-404-6637-4 |
| 080 ## - NÚMERO DE LA CLASIFICACIÓN DECIMAL UNIVERSAL | |
| Número de la Clasificación Decimal Universal | 002(460.18)(064.3) |
| 111 2# - ENTRADA PRINCIPAL--NOMBRE DE CONGRESO/REUNIÓN | |
| Nombre de congreso/reunión o jurisdicción como elemento de entrada | Las Edades del Hombre ( |
| Número del congreso/reunión o número de parte o sección | 2ª. |
| Fecha del congreso o de la firma del tratado | 1990. |
| Sede del congreso/Lugar de la reunión | Burgos) |
| 9 (RLIN) | 148175 |
| 245 10 - MENCIÓN DEL TÍTULO | |
| Título | Libros y documentos en la Iglesia de Castilla y León / |
| Mención de responsabilidad, etc. | Las Edades del Hombre ; proyectan, las Diócesis de Castilla y León ; patrocinan, Caja de Ahorros de Salamanca, Junta de Castilla y León, Caja de Ahorros del Círculo Católico de Burgos. |
| 260 ## - PUBLICACIÓN, DISTRIBUCIÓN, ETC. | |
| Lugar de publicación, distribución, etc. | [Valladolid : |
| Nombre del editor, distribuidor, etc. | Arzobispado de Valladolid], |
| Fecha de publicación, distribución, etc. | 1990. |
| 300 ## - DESCRIPCIÓN FÍSICA | |
| Extensión | XXIV, 477 p. : |
| Otras características físicas | il. col., fot., planos ; |
| Dimensiones | 30 cm. |
| 504 ## - NOTA DE BIBLIOGRAFÍA, ETC. | |
| Nota de bibliografía, etc. | Bibliografía: p. 453-461. |
| 650 #7 - PUNTO DE ACCESO ADICIONAL DE MATERIA--TÉRMINO DE MATERIA | |
| Término de materia o nombre geográfico como elemento de entrada | Libros- |
| Subdivisión de forma | Exposiciones. |
| 9 (RLIN) | 138122 |
| 655 #7 - TERMINO DE INDIZACIÓN--GENERO/FORMA | |
| Fuente del término | tgfbne |
| 9 (RLIN) | 193628 |
| Datos o término principal de género/forma | Catálogos de exposiciones |
| 710 1# - ENTRADA AGREGADA--NOMBRE DE ENTIDAD CORPORATIVA | |
| Nombre de entidad corporativa o nombre de jurisdicción como elemento de entrada | Castilla y León. |
| Unidad subordinada | Junta. |
| 9 (RLIN) | 2501 |
| 852 ## - LOCALIZACIÓN | |
| Ubicación | ES-MaACL |
| itemnumber | 186096 |
| Número de control de estantería | A-11600 |
| Sublocalización o colección | R.146142 |
| Signatura antigua | Olim: N-4605 |
| Ubicación en estantería | Depósito 1 |
| Encuadernación | Donación: Rosa María Martínez |
| 903 ## - NOMBRE PERSONAL DE DONANTE | |
| 9 | 77988 |
| a | Martínez de Codes, Rosa María |
| e | Donante |
| 942 ## - ELEMENTOS DE ENTRADA SECUNDARIOS (KOHA) | |
| Fuente del sistema de clasificación o colocación | Clasificación decimal universal |
| Tipo de ítem Koha | Libro impreso |
| Estatus retirado | Estado de pérdida | Fuente del sistema de clasificación o colocación | Estado de daño | No para préstamo | Biblioteca de origen | Biblioteca actual | Ubicación en estantería | Fecha de adquisición | Fuente de adquisición | Total de préstamos | Signatura topográfica completa | Código de barras | Visto por última vez | Precio de reemplazo | Tipo de ítem Koha |
|---|---|---|---|---|---|---|---|---|---|---|---|---|---|---|---|
| Clasificación decimal universal | Biblioteca del Ateneo de Madrid | Biblioteca del Ateneo de Madrid | Depósito 1 | 07/10/2011 | Donación | A-11600 | 1188265 | 23/02/2023 | 23/02/2023 | Libro impreso |
